000 00418nam a2200181Ia 4500
008 230711s9999||||xx |||||||||||||| ||und||
020 _a978-81-317-1056-2
041 _aENG
082 _a604.2
_bSH-E`
100 _aShah,M.B
245 0 _aEngineering drawing
250 _a2nd Ed.
260 _c2013
_aNew Delhi
_bPearson
300 _a550
650 _aMechanical Engineering
700 _aRana,B.C
942 _cBK
999 _c8914
_d8914